| 000 | 00636nam a2200193 a 4500 | ||
|---|---|---|---|
| 001 | 1866 | ||
| 003 | CDMR | ||
| 005 | 20151019135402.0 | ||
| 008 | 130130s1981||||||||||||||||||||||||||||d | ||
| 020 | _a8401370981 | ||
| 040 |
_aCDMR _bcat _cCDMR |
||
| 100 | 1 |
_aVila-San-Juan, Juan Felipe _91390 |
|
| 245 | 1 | 4 |
_aLa "trastienda" de TVE _b: [los primeros 25 años de televisión y los últimos 25 de política en España] _cJuan Felipe Vila-San-Juan |
| 260 |
_aEsplugues de Llobregat _c1981 _bPlaza & Janés |
||
| 300 | _a244 p. | ||
| 650 | 0 | 4 |
_94174 _aTelevisió i política |
| 610 | 2 |
_92814 _aTelevisión Española _xHistòria |
|
| 942 |
_cMON _2udc |
||
| 999 |
_c1866 _d1866 |
||